Wszystkie książki Fiodora Dostojewskiego - Statystyki

Ogólne statystyki
  • Ten quiz został rozwiązany 50 razy
  • Średni wynik to 6 z 35
Statystyki odpowiedzi
Rok wydania/Tworzenia Dzieło % Poprawnych
1866 Zbrodnia i kara
100%
1879-1880 Bracia Karamazow
86%
1868-1869 Idiota
84%
1871-1872 Biesy
61%
Opowiadanie 1848 Białe noce
55%
1866 Gracz
36%
1860-1862 Wspomnienia z domu umarłych
36%
1864 Notatki z podziemia
23%
Opowiadanie 1876 Łagodna
20%
1875 Młodzik
20%
Opowiadanie 1870 Wieczny Mąż
14%
1846 Biedni ludzie
11%
Opowiadanie 1873 Bobok
7%
Opowiadanie 1865 Krokodyl niezwykłe zdarzenie albo wypadek w Passażu
7%
Nowela 1859 Sen wujaszka
7%
1861 Skrzywdzeni i poniżeni
7%
Nowela 1846 Sobowtór Poemat Petersburski
7%
Nowela 1859 Sioło Stiepanczykowo i jego mieszkańcy
2%
Opowiadanie 1876 Chłopczyk na gwiazdce u Pana Jezusa
0%
Opowiadanie 1848 Choinka i ślub
0%
Opowiadanie 1860 Cudza żona i mąż pod łóżkiem
0%
Nowela 1847 Gospodyni
0%
Nowela 1849 Maleńki bohater
0%
Nowela 1848 Nietoczka Niezwanowa
0%
Opowiadanie 1846 O niebezpieczeństwie pogrążania się w ambitnych snach
0%
Opowiadanie 1846 Pan Procharczyn
0%
Opowiadanie 1862 Paskudna historia
0%
Nowela 1860 Petersburskie senne widziadła wierszem i prozą.
0%
Opowiadanie 1848 Połzunkow
0%
Opowiadanie 1847 Romans w dziewięciu listach
0%
Opowiadanie 1877 Sen Śmiesznego Człowieka
0%
Nowela 1848 Słabe serce
0%
Opowiadanie 1876 Stuletnia
0%
Opowiadanie 1848 Uczciwy złodziej
0%
Opowiadanie 1876 Wieśniak Marej
0%
Nie znaleziono quizów pasujących do podanych kryteriów
Rozkład punktacji
Procent ludzi z każdym wynikiem
Percentyl według liczby udzielonych odpowiedzi
Twoja historia wyników
Nie rozwiązałeś tego quizu